000 004320000a22001810004500
003 MACL
005 20151017152843.0
008 151017b xxu||||| |||| 00| 0 eng d
040 _aMACL
_cMACL
041 _aEnglish
082 _a920/SAN
100 _aShankar, Alaka
_913621
245 _aIndira Priyadarshini
260 _bChildren's Book Trust
_aNew Delhi
350 _a20
650 _aBiography
_915741
942 _cBK
_k920
_2ddc
999 _c6490
_d6490